000 00351nam a22001457a 4500
999 _c8436
_d8436
008 200130b ||||| |||| 00| 0 eng d
020 _a9789332549449
082 _a005.13 KEP
100 _aKERNIGHAN,Brianw
245 _aC Programming Language
250 _a2rd
260 _aNEW DELHI
_bPEARSON
700 _aRITCHIE,Dennis M
942 0 0 _2ddc
_cBK
_05